Scanning electron microscopy studies in abrasion of NR/BR blends under different test conditions (Record no. 51682)

MARC details
000 -LEADER
fixed length control field 00466nam a2200157Ia 4500
100 ## - MAIN ENTRY--AUTHOR NAME
Personal name Mathew N.M.
245 #0 - TITLE STATEMENT
Title Scanning electron microscopy studies in abrasion of NR/BR blends under different test conditions
260 ## - PUBLICATION, DISTRIBUTION, ETC. (IMPRINT)
Name of publisher Journal of Materials Science
Year of publication 1983
300 ## - PHYSICAL DESCRIPTION
Number of Pages 515-524
650 ## - SUBJECT ADDED ENTRY--TOPICAL TERM
Topical Term Abrasion
650 ## - SUBJECT ADDED ENTRY--TOPICAL TERM
Topical Term Blend
650 ## - SUBJECT ADDED ENTRY--TOPICAL TERM
Topical Term Natural rubber
650 ## - SUBJECT ADDED ENTRY--TOPICAL TERM
Topical Term Scanning electron microscopy
942 ## - ADDED ENTRY ELEMENTS (KOHA)
Koha item type Bibliography STAF
Holdings
Withdrawn status Lost status Damaged status Not for loan Home library Current library Date acquired Serial Enumeration / chronology Koha item type
      Bibliography RRII Library RRII Library 09/04/2014 Volume 18, Issue 2 Bibliography STAF